[Event "Moratalaz op 20th"]
[Site "Madrid"]
[Date "2007.09.19"]
[Round "5"]
[White "Taveira Jimenez, Manuel"]
[Black "Garcia Reino, Eduardo Javier"]
[Result "0-1"]
[WhiteElo "2082"]
[BlackElo "1889"]
[PlyCount "45"]
[EventDate "2007.09.15"]
[EventType "swiss"]
[EventRounds "9"]
[EventCountry "ESP"]
[SourceTitle "EXT 2008"]
[Source "ChessBase"]
[SourceDate "2007.11.25"]
[SourceVersion "1"]
[SourceVersionDate "2007.11.25"]
[SourceQuality "1"]

1. e4 e5 2. d4 exd4 3. c3 d5 4. exd5 Qxd5 5. cxd4 Nc6 6. Nf3 Bb4+ 7. Nc3 Bg4 8. Be2 Bxf3 9. Bxf3 Qc4 10. Bxc6+ Qxc6 11. 0-0 Ne7 12. Qb3 Bxc3 13. bxc3 0-0 14. Bb2 Qb6 15. Qc2 Qg6 16. Qd2 Rad8 17. Rae1 Nf5 18. Qf4 Nd6 19. Re3 Qf5 20. Qh4 Rde8 21. Rf3 Re4 22. Rxf5 Rxh4 23. Rc5 0-1

[Event "Madrid-ch sf"]
[Site "Madrid"]
[Date "2006.01.18"]
[Round "6"]
[White "Taveira Jimenez, Manuel"]
[Black "Marcos Herrero, Francisco"]
[Result "0-1"]
[WhiteElo "2071"]
[BlackElo "1993"]
[PlyCount "84"]
[EventDate "2006.01.09"]
[EventType "swiss"]
[EventRounds "9"]
[EventCountry "ESP"]
[SourceTitle "CBM 110 Extra"]
[Source "ChessBase"]
[SourceDate "2006.03.10"]
[SourceVersion "2"]
[SourceVersionDate "2006.03.10"]
[SourceQuality "1"]

1. e4 d6 2. d4 Nf6 3. Nc3 g6 4. f4 Bg7 5. Nf3 0-0 6. Be3 Nbd7 7. e5 Ne8 8. Bc4 e6 9. f5 Nb6 10. Bg5 f6 11. exf6 Bxf6 12. Bxf6 Qxf6 13. Bxe6+ Bxe6 14. fxe6 Qxe6+ 15. Qe2 Ng7 16. 0-0-0 Qxe2 17. Nxe2 Nf5 18. Rd3 Nd5 19. Rg1 Rae8 20. Kd2 Re7 21. c4 Nde3 22. b3 Rfe8 23. Nc3 Ng4 24. Nd5 Re2+ 25. Kc3 c6 26. h3 cxd5 27. hxg4 Ne3 28. Rd2 Nxg4 29. cxd5 Nf6 30. Kd3 R2e3+ 31. Kc2 Nxd5 32. Kb2 Kg7 33. Rc1 h5 34. Rcc2 Kh6 35. Ka3 g5 36. Rf2 h4 37. Nh2 Kg6 38. Nf3 a5 39. Nd2 b5 40. Rc6 R8e6 41. Nf3 Nc3 42. Rc8 b4+ 0-1

[Event "Madrid-ch sf"]
[Site "Madrid"]
[Date "2006.01.09"]
[Round "1"]
[White "Taveira Jimenez, Manuel"]
[Black "Barez Menendez, Hector"]
[Result "1-0"]
[WhiteElo "2071"]
[BlackElo "2229"]
[PlyCount "57"]
[EventDate "2006.01.09"]
[EventType "swiss"]
[EventRounds "9"]
[EventCountry "ESP"]
[SourceTitle "CBM 110 Extra"]
[Source "ChessBase"]
[SourceDate "2006.03.10"]
[SourceVersion "2"]
[SourceVersionDate "2006.03.10"]
[SourceQuality "1"]

1. e4 e5 2. d4 d6 3. dxe5 dxe5 4. Qxd8+ Kxd8 5. Nc3 Nf6 6. Bg5 Be6 7. 0-0-0+ Nbd7 8. f4 exf4 9. Bxf4 Bb4 10. Nd5 Bxd5 11. exd5 Nb6 12. Nf3 Kc8 13. c4 Ng4 14. a3 Bc5 15. b4 Bd6 16. Rd4 f5 17. Ng5 a5 18. Bxd6 cxd6 19. Nf7 Rf8 20. Nxd6+ Kd7 21. c5 axb4 22. Bb5+ Kc7 23. Re1 bxa3 24. Kb1 a2+ 25. Ka1 f4 26. Re7+ Kd8 27. Rxb7 Ne3 28. Rd2 Nbxd5 29. Rd7# 1-0

[Event "Pablo Gorbea Memorial 7th"]
[Site "Madrid"]
[Date "2003.09.09"]
[Round "9"]
[White "Taveira Jimenez, Manuel"]
[Black "Almagro Llamas, Pablo"]
[Result "1/2-1/2"]
[WhiteElo "2072"]
[BlackElo "2375"]
[PlyCount "98"]
[EventDate "2003.09.01"]
[EventType "swiss"]
[EventRounds "9"]
[EventCountry "ESP"]
[SourceTitle "CBM 096 Extra"]
[Source "ChessBase"]
[SourceDate "2003.10.22"]
[SourceVersion "2"]
[SourceVersionDate "2003.10.20"]
[SourceQuality "1"]

1. e4 c6 2. d4 d5 3. Nc3 b5 4. a3 dxe4 5. Nxe4 Nf6 6. Ng3 e5 7. Be3 Ng4 8. dxe5 Qxd1+ 9. Rxd1 Nxe3 10. fxe3 Bc5 11. Ne4 Bxe3 12. Nd6+ Ke7 13. Bd3 Be6 14. Nf5+ Bxf5 15. Bxf5 g6 16. Be4 Bxg1 17. Rxg1 Rc8 18. Kf2 Nd7 19. Rge1 Rc7 20. Bf3 Rd8 21. Rd6 Rdc8 22. Bg4 f5 23. Bf3 Nc5 24. Red1 Nb7 25. h4 Rd8 26. Rxd8 Nxd8 27. Rd6 c5 28. Bd5 Rd7 29. Rxd7+ Kxd7 30. Bg8 h6 31. Ke3 g5 32. hxg5 hxg5 33. b4 cxb4 34. axb4 Nc6 35. e6+ Kd6 36. c3 Nd8 37. Bh7 f4+ 38. Ke4 Kxe6 39. Bf5+ Kd6 40. Bc8 Ne6 41. Kf5 Nc7 42. Kxg5 Nd5 43. Ba6 Nxc3 44. Kxf4 Kc6 45. Ke5 Na2 46. g4 Nxb4 47. Bc8 Nd3+ 48. Kf5 Kd6 49. Ba6 Ne5 1/2-1/2